00329nam a2200121Ia 4500008004100000041000800041082001700049100001800066245004200084260004000126300003000166365001100196240624s9999 xx 000 0 und d aeng a658.4022 MYE aMYERS SELMA G aTEAM BUILDING FOR DIVERSE WORK GROUPS c1998aNew DelhibWheeler Publishing avii, : 98 : p. : cm. ; 23 cRSb30